| 000 | 01121 a2200193 4500 | ||
|---|---|---|---|
| 003 | Nust | ||
| 005 | 20230704130408.0 | ||
| 010 | _a 70123614 | ||
| 020 | _a087620552X | ||
| 040 | _cNust | ||
| 082 | 0 | 0 | _a510,WIL |
| 100 | 1 |
_aWilliams, Ralph C. _9113302 |
|
| 245 | 1 | 0 |
_aMathematics for communication : _bnumber relations / _cRalph C. Williams. |
| 260 |
_aPacific Palisades, Calif., _bGoodyear Pub. Co. _c[1971, c1972] |
||
| 300 |
_aviii, 303 p. _billus. _c28 cm. |
||
| 505 | _aGeometry of illustrations and drawings (Page-7), Language of sets, numbers and operations (Page-37), Representations of numbers (Page-57), Computation processes of addition and substraction (Page-77), Computation processes of multiplication and division (Page-101), Relations and functions (Page-127), Multiple and advisor relations (Page-145), Arithmetic and algebraic expressions (Page-163), Geometry of plane and solid figures (Page-181), Fraction and fractional numerals (Page-203), Ratio comparison and percent (Page-249), Integers (Page-269), Ratioinal and real numbers (Page-281). | ||
| 650 | 0 |
_aArithmetic. _939162 |
|
| 942 |
_2ddc _cBKB |
||
| 999 |
_c180236 _d180236 |
||